Представление документа в формате MARC21

ПолеНазваниеЗначение
  Тип записи a
  Библиографический уровень m
001 Контрольный номер BIBLIOCLUB\0000493641
005 Дата корректировки 20260430154816.1
006 m o d
007 Элементы данных для физической характеристики c|||||||||||||
008 Кодируемые данные s2018 rus o rus d
020 Индекс ISBN __
a ISBN 978-5-4475-9722-1
041 Код языка издания 0_
a Код языка текста rus
084 Индекс другой классификации/Индекс ББК __
a Индекс другой классификации/Индекс ББК 68.9
b Номер единицы LBC/PL
2 Источник индекса rubbk
084 Индекс другой классификации/Индекс ББК __
a Индекс другой классификации/Индекс ББК 74.266.89
b Номер единицы LBC/PL
2 Источник индекса rubbk
100 Автор 1_
a Автор Кузнецова Н. В.
245 Заглавие 10
a Заглавие Методика организации самостоятельной работы учащихся при обучении ОБЖ
b Продолж. заглавия учебное пособие
c Ответственность Н. В. Кузнецова
260 Выходные данные __
a Место издания Москва, Берлин
b Издательство Директ-Медиа
c Дата издания 2018
300 Физическое описание __
a Объем 122 с.
b Иллюстрации/ тип воспроизводства ил., схем., табл.
504 Библиография __
a Библиография Библиогр. в кн
856 Электронный адрес документа 40
3 Область применения данных поля Университетская библиотека ONLINE
u URL https://biblioclub.ru/index.php?page=book&id=493641
856 Электронный адрес документа 40
u URL https://doi.org/10.23681/493641
900 Электронные ресурсы __
a Имя электронного ресурса https://img.biblioclub.ru/sm_cover/3b159466be67d703b3be86114db5e104zrxyo5krwu/cover.jpg